[Event "Challenge"]
[Site "http://www.queenalice.com/game.php?id=200094"]
[Date "2007.4.21"]
[Round "-"]
[White "rew"]
[Black "ulisses34"]
[Result "0-1"]
[WhiteElo "1193"]
[BlackElo "1261"]

1. e4 e5 2. Qh5 Nf6 3. Qxe5+ Be7 4. d3 Nc6 5. Qg5 h6 6. Qxg7 Rf8 7. Qxh6 d5 8.
f3 Nd4 9. Kd1 Ng8 10. Qg7 Bf6 11. Qg3 Qe7 12. Nc3 Bh4 13. Qf4 Ne6 14. Qe3 d4 15.
Qd2 Bg5 16. Qf2 dxc3 17. bxc3 Bf6 18. Bb2 b6 19. d4 c5 20. d5 Qd7 21. Ke1 Nc7
22. Rd1 a6 23. d6 Ne6 24. Qd2 Bg5 25. Qd5 Bh4+ 26. Ke2 Nf4+ 27. Kd2 Nxd5 28. e5
Bg5+ 29. Ke2 Nf4+ 30. Kf2 f6 31. g3 Qf5 32. Rd2 Nh3+ 33. Nxh3 Bxd2 34. Bd3 Qxh3
35. Ke2 Qg2+ 0-1

[Event "Sétima"]
[Site "http://www.queenalice.com/game.php?id=221347"]
[Date "2007.6.6"]
[Round "-"]
[White "ZZZZ"]
[Black "rew"]
[Result "1-0"]
[WhiteElo "1642"]
[BlackElo "1153"]

1. e4 Nc6 2. d4 d5 3. Nc3 dxe4 4. Nxe4 Nxd4 5. Bf4 e6 6. Qd2 Nf6 7. f3 Bd6 8.
Nxd6+ cxd6 9. Qxd4 e5 10. Bb5+ Ke7 11. Bxe5 d5 12. Qc5+ Ke6 13. Bc7 Qe7 14. Qe3+
Ne4 15. Qf4 Qb4+ 16. c3 Qxb5 17. Qe5+ Kd7 18. fxe4 f6 19. Qd6+ Ke8 20. Qe6+ Bxe6
21. O-O-O dxe4 22. Bf4 Bxa2 23. Rd2 Qf1+ 24. Kc2 Qxf4 25. Ne2 Qc7 26. b3 Qb6 27.
Nc1 e3 28. Re2 Rc8 29. Nxa2 Qa6 30. Rxe3+ Kd8 31. Rd1+ Kc7 32. Re7+ Kb6 33. Rd6+
Rc6 34. Nb4 Qf1 35. Nxc6 Qxg2+ 36. Kd3 Qxh2 37. Ne5+ Kc5 38. Nc4 b5 39. Rc7# 1-0

[Event "Oitava"]
[Site "http://www.queenalice.com/game.php?id=231386"]
[Date "2007.6.27"]
[Round "-"]
[White "rew"]
[Black "ZZZZ"]
[Result "0-1"]
[WhiteElo "1162"]
[BlackElo "1628"]

1. e4 e5 2. Bc4 Nf6 3. Qe2 c6 4. Nf3 d5 5. Bb3 dxe4 6. Nxe5 Be6 7. Bxe6 fxe6 8.
Qe3 h6 9. Qb3 Bd6 10. Qxb7 Nbd7 11. Nxd7 Nxd7 12. Qxc6 Ke7 13. Qxe4 Nf6 14. Qg6
Rh7 15. Qd3 Rc8 16. Nc3 Qb6 17. a4 Rc5 18. b4 Re5+ 19. Kd1 Qxf2 20. Qf1 Ng4 21.
h3 Qxf1+ 22. Rxf1 Nf6 23. b5 Rh8 24. a5 Rb8 25. Rb1 Bc7 26. a6 Rd8 27. Rb4 Ba5
28. Rb3 Bxc3 29. Rxc3 Ne4 30. Rc7+ Ke8 31. Rxa7 Nc3# 0-1

[Event "Challenge"]
[Site "http://www.queenalice.com/game.php?id=250580"]
[Date "2007.8.4"]
[Round "-"]
[White "Tourinho"]
[Black "rew"]
[Result "1-0"]
[WhiteElo "1281"]
[BlackElo "1157"]

1. d4 d5 2. c4 Nf6 3. Nf3 dxc4 4. Nc3 a6 5. Bf4 Ng4 6. e3 Nc6 7. Bxc4 e5 8. dxe5
b5 9. Qxd8+ Nxd8 10. Bd5 Rb8 11. O-O c6 12. Be4 g6 13. h3 b4 14. Ne2 Nh6 15.
Rac1 c5 16. Rfd1 f5 17. Bd3 Nhf7 18. Ng5 Nxg5 19. Bxg5 Nc6 20. Bf6 Rg8 21. Bc4
Rg7 22. Bxg7 Bxg7 23. f4 Na7 24. Rd6 Ra8 25. Rcd1 1-0

[Event "Challenge"]
[Site "http://www.queenalice.com/game.php?id=344200"]
[Date "2008.1.28"]
[Round "-"]
[White "rew"]
[Black "ChildsPlay"]
[Result "0-1"]
[WhiteElo "1157"]
[BlackElo "1205"]

1. e4 e5 2. Qh5 Nc6 3. Bc4 g6 4. Qg4 Nd4 5. Kd1 Nf6 6. Qg5 d6 7. f4 h6 8. Qg3
Nxe4 9. Qa3 Nf2+ 10. Ke1 Nxh1 11. fxe5 Nxc2+ 0-1

[Event "Challenge"]
[Site "http://www.queenalice.com/game.php?id=344229"]
[Date "2008.1.28"]
[Round "-"]
[White "rew"]
[Black "jpcamilo"]
[Result "1-0"]
[WhiteElo "1143"]
[BlackElo "1274"]

1. e4 e5 2. Qh5 Nf6 3. Qxe5+ Be7 4. Qf4 O-O 5. g4 Nc6 6. g5 Nh5 7. Qg4 Nd4 8.
Kd1 g6 9. c3 d6 10. Qg2 Nf4 11. Qg3 Bxg5 12. h4 Bh6 13. Na3 Bd7 14. d3 Ba4+ 15.
b3 Bxb3+ 16. axb3 Nxb3 17. Nc2 Nxa1 18. Nxa1 Qf6 19. Nb3 Qxc3 20. Nd2 a5 21. Qe3
Qe5 22. Nc4 Qh5+ 23. f3 Qb5 24. Bb2 Qa4+ 25. Kc1 g5 26. Qd4 Bg7 27. Qxg7# 1-0

[Event "Challenge"]
[Site "http://www.queenalice.com/game.php?id=366328"]
[Date "2008.3.6"]
[Round "-"]
[White "rew"]
[Black "Matrim"]
[Result "0-1"]
[WhiteElo "1224"]
[BlackElo "1512"]

1. e4 e5 2. Qh5 d6 3. Bc4 g6 4. Qf3 f6 5. g4 c6 6. g5 b5 7. Bb3 Be7 8. h4 h5 9.
a4 b4 10. c3 a5 11. Qd3 d5 12. exd5 cxd5 13. Bxd5 Ra6 14. Qxg6+ Kd7 15. Qg7 Kc7
16. c4 Bb7 17. Qxh8 Bxd5 18. cxd5 Qxd5 19. Rh2 Bc5 20. Qxh5 Qd4 21. Qf7+ Ne7 22.
Nf3 Qe4+ 23. Kf1 Qxf3 24. Qc4 Kc6 25. Qb5+ Kd5 26. Qxb8 Qd1+ 27. Kg2 Qxc1 28.
Qb7+ Rc6 29. gxf6 Qxb2 30. fxe7 Bxe7 31. Qd7+ Rd6 32. Qxe7 Qxa1 33. Qb7+ Rc6 34.
Qb5+ Kd6 35. Qd3+ Kc5 36. Rh1 Qd4 37. Qc2+ Kd5 38. Qb3+ Rc4 39. Qf3+ Ke6 40. d3
Rc2 41. Qe3 Qxe3 42. Kf1 Qxf2# 0-1

[Event "Challenge"]
[Site "http://www.queenalice.com/game.php?id=366990"]
[Date "2008.3.7"]
[Round "-"]
[White "rew"]
[Black "sdbrasil"]
[Result "1-0"]
[WhiteElo "1164"]
[BlackElo "1183"]

1. e4 e5 2. Qh5 g6 3. Qxe5+ Be7 4. Qxh8 Kf8 5. Qxh7 c6 6. Bc4 d5 7. exd5 cxd5 8.
Bb3 Qd6 9. Nf3 Qe6+ 10. Kf1 b6 11. Ng5 Bxg5 12. h4 Bf6 13. d3 Nc6 14. c4 Nce7
15. cxd5 Nxd5 16. h5 g5 17. Rh3 Ba6 18. Nc3 Bxd3+ 19. Qxd3 Qg4 20. Nxd5 Be5 21.
f3 Qe6 22. Bxg5 Bxb2 23. Re1 Qc6 24. Qe3 f6 25. Bh4 Rc8 26. Rg3 Be5 27. f4 Qb5+
28. Kf2 Bb8 29. Bxf6 Nxf6 30. Nxf6 Qf5 31. Qe7# 1-0

[Event "Challenge"]
[Site "http://www.queenalice.com/game.php?id=370097"]
[Date "2008.3.12"]
[Round "-"]
[White "Drica"]
[Black "rew"]
[Result "1/2-1/2"]
[WhiteElo "1713"]
[BlackElo "1239"]

1. e4 e5 2. Qf3 Nc6 3. Bc4 Qf6 4. Nc3 Nb4 5. Qd1 Bc5 6. Nh3 g5 7. a3 Na6 8. Qf3
g4 9. Qxf6 Nxf6 10. Ng5 Rf8 11. Nd5 Bb6 12. Nxf6+ Ke7 13. Nxg4 Rg8 14. h4 h5 15.
Nxe5 Nc5 16. Nexf7 Rg6 17. b4 Na6 18. Bb2 Rc6 19. Ne5 Rd6 20. Rh3 c5 21. bxc5
Nxc5 22. Ngf7 Rf6 23. Rg3 Na4 24. Bc3 Bxf2+ 25. Ke2 Bxg3 26. Bb4+ Ke8 27. Nd6+
Kd8 28. Nxc8 Kxc8 29. Nd3 Bxh4 30. Rh1 Bg3 31. Rxh5 Rc6 32. Bb5 Rxc2 33. Bxa4
Rc4 34. Rg5 Rxe4+ 35. Kd1 Bh4 36. Rg8+ Bd8 37. Nc5 Re7 38. g4 a5 39. Bc3 b6 40.
Bf6 Kc7 41. Nd3 Re4 42. Bb3 a4 43. Bd5 Rc8 44. Bxe4 Bxf6 45. Rxc8+ Kxc8 46. Bf5
Be7 47. Ne5 Bxa3 48. Bxd7+ Kc7 49. Bxa4 Bd6 50. Nf7 Be7 51. g5 Kb7 52. g6 Bf6
53. Nd6+ Ka6 54. Ne8 Be5 55. g7 Bxg7 56. Nxg7 Ka5 57. Bc6 Kb4 58. Nf5 Kc5 59.
Be4 b5 60. d4+ Kc4 61. d5 b4 62. d6 b3 63. d7 Kc3 64. d8=Q Kb2 65. Ne3 Ka2 66.
Qa8+ Kb2 67. Kd2 1/2-1/2

[Event "Challenge"]
[Site "http://www.queenalice.com/game.php?id=370245"]
[Date "2008.3.13"]
[Round "-"]
[White "rew"]
[Black "Kaka"]
[Result "1-0"]
[WhiteElo "1240"]
[BlackElo "1384"]

1. e4 c6 2. Qf3 a6 3. Bc4 e6 4. Nc3 Bc5 5. Na4 Bd4 6. Ne2 Qh4 7. Nxd4 f5 8. g3
Qh3 9. g4 fxg4 10. Qxh3 gxh3 11. Nb6 Ne7 12. Nxa8 d5 13. Bd3 O-O 14. exd5 Nxd5
15. c4 Nf4 16. Be4 e5 17. Nf3 Ng2+ 18. Kf1 Nd7 19. Ng5 Nh4 20. Nxh3 Nf6 21. Bg2
Bxh3 22. Bxh3 Rxa8 23. d3 h6 24. a4 Rd8 25. Be6+ Kh8 26. Bg5 hxg5 27. Re1 Rxd3
28. Rg1 1-0

[Event "AUTO-BEG-195"]
[Site "http://www.queenalice.com/game.php?id=370456"]
[Date "2008.3.13"]
[Round "1"]
[White "gomonkey"]
[Black "rew"]
[Result "1-0"]
[WhiteElo "1208"]
[BlackElo "1196"]

1. e3 e5 2. d4 Nc6 3. c3 Nf6 4. d5 Na5 5. Bd3 Nxd5 6. e4 Nf6 7. c4 Bb4+ 8. Bd2
Qe7 9. a3 Bxd2+ 10. Nxd2 h5 11. Ngf3 Qd6 12. Qc2 b6 13. b4 Nc6 14. c5 Qe6 15. h3
bxc5 16. bxc5 a6 17. Ng5 Qg4 18. hxg4 Nxg4 19. O-O Nd4 20. Qc4 Rf8 21. Rab1 f6
22. Qd5 c6 23. Qd6 fxg5 24. Qg6+ Rf7 25. Qxh5 d5 26. Qh8+ Ke7 27. f3 Ne3 28.
Rfc1 g4 29. Qh4+ Ke8 30. Rb4 Ne6 31. Rcb1 Nf4 32. Bxa6 Rxa6 33. Rb8 Rc7 34. R1b7
Rxb7 35. Rxc8+ Kf7 36. Qd8 Ne6 37. Qe8+ Kf6 38. Qh8 Rxa3 39. Qh4+ Ng5 40. Rxc6+
Ke7 41. Qxg5+ Kd7 42. Rd6+ Kc8 43. Qd8# 1-0

[Event "AUTO-BEG-195"]
[Site "http://www.queenalice.com/game.php?id=370457"]
[Date "2008.3.13"]
[Round "1"]
[White "rew"]
[Black "gomonkey"]
[Result "0-1"]
[WhiteElo "1270"]
[BlackElo "1287"]

1. e4 e5 2. Qh5 d6 3. Bc4 g6 4. Qf3 Nf6 5. Nc3 c6 6. a3 c5 7. b4 b6 8. bxc5 Bb7
9. cxd6 Qxd6 10. Nb5 Qc6 11. Qe2 Ba6 12. a4 Nxe4 13. d3 Bb4+ 14. Kd1 Bxb5 15.
axb5 Nc3+ 16. Ke1 Nxe2+ 17. Kf1 Qb7 18. Nxe2 h5 19. c3 Be7 20. Ng3 h4 21. Ne4 f5
22. Nd2 h3 23. Rg1 Nd7 24. gxh3 Rxh3 25. Rxg6 Qh1+ 26. Rg1 Qxh2 27. Bd5 Rc8 28.
Rg8+ Bf8 29. Be6 Rxc3 30. Bxf5 Qh1+ 31. Ke2 Rxc1 32. Rxc1 Qxc1 33. Bxh3 Nf6 34.
Rg5 Bh6 35. Rxe5+ Kf8 36. Nb3 Qb2+ 37. Nd2 Qxe5+ 38. Kd1 Qb2 39. Nf3 Qc1+ 40.
Ke2 Qc2+ 41. Kf1 Qxd3+ 42. Kg2 Nh5 43. Bg4 Nf4+ 44. Kg3 Qxb5 45. Nh4 Ne2+ 46.
Kf3 Qd3+ 47. Kg2 Qe4+ 48. f3 Qe3 49. Kh3 Nf4+ 50. Kg3 Qg1+ 51. Ng2 Qxg2+ 0-1

[Event "AUTO-BEG-195"]
[Site "http://www.queenalice.com/game.php?id=370462"]
[Date "2008.3.13"]
[Round "1"]
[White "xSmashOrBeSmashedx"]
[Black "rew"]
[Result "1-0"]
[WhiteElo "1337"]
[BlackElo "1255"]

1. Nf3 d6 2. g3 e5 3. Bg2 Bf5 4. d3 c5 5. Ng5 Qa5+ 6. Bd2 Qb5 7. Na3 Qxb2 8. Rb1
Qxa2 9. Bxb7 Qxa3 10. Bxa8 h6 11. Rxb8+ Ke7 12. Rb7+ Kf6 13. Rxf7+ Kg6 14. e4
hxg5 15. exf5+ Kxf7 16. Bd5+ Kf6 17. O-O Nh6 18. Qh5 Kxf5 19. Qxg5# 1-0

[Event "AUTO-BEG-195"]
[Site "http://www.queenalice.com/game.php?id=370463"]
[Date "2008.3.13"]
[Round "1"]
[White "rew"]
[Black "xSmashOrBeSmashedx"]
[Result "0-1"]
[WhiteElo "1242"]
[BlackElo "1631"]

1. e4 d6 2. Qf3 Nf6 3. Nc3 g6 4. d3 Bg7 5. Nge2 O-O 6. Nb5 Nc6 7. a3 Ne5 8. Qe3
a6 9. Nbd4 c5 10. Nb3 b5 11. Nf4 Nfg4 12. Qd2 Bb7 13. f3 c4 14. dxc4 Nxc4 15.
Bxc4 bxc4 16. Na5 Qb6 17. fxg4 Bxe4 18. Kf1 Bxb2 19. Rb1 c3 20. Qe1 Bxc2 21.
Rxb2 cxb2 22. Bxb2 Qxb2 23. Qxe7 Qc1+ 24. Qe1 Qxf4+ 25. Qf2 Qc1+ 26. Qe1 Qxe1+
27. Kxe1 Rab8 28. Kd2 Rb2 29. Kc3 Rfb8 30. Ra1 Be4 31. Nc4 Rc2+ 32. Kd4 d5 33.
Nd6 Bxg2 34. Kd3 Rc6 35. Ra2 Bf3 36. Nxf7 Kxf7 37. h3 Be4+ 38. Kd4 Bh1 39. Rh2
Be4 40. Ke5 Re8+ 41. Kd4 Rec8 0-1

[Event "Challenge"]
[Site "http://www.queenalice.com/game.php?id=539561"]
[Date "2009.2.13"]
[Round "-"]
[White "Saru"]
[Black "rew"]
[Result "1-0"]
[WhiteElo "1256"]
[BlackElo "1255"]

1. d4 d5 2. Bf4 Nc6 3. e3 Nf6 4. Bd3 Bg4 5. f3 Bh5 6. g4 Bg6 7. g5 Nd7 8. Nc3 e6
9. Bxg6 hxg6 10. Qd2 f6 11. gxf6 Nxf6 12. O-O-O Bb4 13. Be5 Rh4 14. Nge2 g5 15.
Kb1 g4 16. Rdf1 gxf3 17. Rxf3 Kd7 18. Qe1 Qh8 19. h3 Qh5 20. Rg1 Bf8 21. Rff1
Rxh3 22. Nf4 Qh7 23. Na4 Rh2 24. Qd1 Rxc2 25. Ng6 Rh2 26. a3 b5 27. Nc5+ Kc8 28.
Nxe6 Be7 29. Ka2 Qh3 30. Bxh2 Qxh2 31. Qc1 Rb8 32. Ne5 Nxe5 33. Nxc7 b4 34. Na6+
Kb7 35. Nxb8 Kxb8 36. Rxg7 Bd6 37. Rxf6 1-0

[Event "Challenge"]
[Site "http://www.queenalice.com/game.php?id=795473"]
[Date "2010.6.26"]
[Round "-"]
[White "rew"]
[Black "Ludi"]
[Result "0-1"]
[WhiteElo "1239"]
[BlackElo "1251"]

1. e4 e5 2. Nf3 Nc6 3. Nc3 Nf6 4. a3 Bc5 5. Ng5 d6 6. Bc4 Bg4 7. f3 Qd7 8. Nxf7
O-O 9. Nxd6+ Kh8 10. Nxb7 Bb6 11. h3 Qd4 12. hxg4 Qf2# 0-1

[Event "Challenge"]
[Site "http://www.queenalice.com/game.php?id=795479"]
[Date "2010.6.26"]
[Round "-"]
[White "rconley23"]
[Black "rew"]
[Result "0-1"]
[WhiteElo "1227"]
[BlackElo "1210"]

1. e4 e5 2. d3 Bc5 3. Nf3 f6 4. d4 exd4 5. Bc4 Nh6 6. O-O Qe7 7. Bf4 Kd8 8. c3
Qxe4 9. cxd4 Qxf4 10. dxc5 Qxc4 11. Nbd2 Qxc5 12. Re1 d6 13. Ne4 Qb6 14. Rc1
Qxb2 15. Nfd2 Qxa2 16. Rc2 Qe6 17. Qc1 d5 0-1

[Event "Challenge"]
[Site "http://www.queenalice.com/game.php?id=795560"]
[Date "2010.6.27"]
[Round "-"]
[White "Ludi"]
[Black "rew"]
[Result "1-0"]
[WhiteElo "1296"]
[BlackElo "1223"]

1. d4 e6 2. e4 Nf6 3. Nc3 d5 4. Bf4 dxe4 5. Nb5 Bd6 6. g3 a6 7. Nc3 Nc6 8. Qe2
Nxd4 9. Qc4 Nxc2+ 10. Kd2 Nxa1 11. Qa4+ b5 12. Qd4 b4 13. Na4 h6 14. Nh3 Rg8 15.
Be2 g5 16. Be3 Bd7 17. Rxa1 Bxa4 18. b3 Bd7 19. f4 Bc5 20. Qxc5 Bb5+ 21. Ke1 g4
22. Bd2 Nd7 23. Qxb4 Qf6 24. Bc3 Qf5 25. a4 Bc6 26. Bb2 gxh3 27. Ba3 Kd8 28.
Qe7+ Kc8 29. g4 Qxf4 30. Rc1 Qg5 31. Rxc6 1-0